لسا نيا ت ا سلو بيا ت (Record no. 169651)

MARC details
000 -LEADER
fixed length control field 00689nam a22001937a 4500
005 - DATE AND TIME OF LATEST TRANSACTION
control field 20191127173754.0
010 ## - LCCN (DPL NO)
LC control number UR-10633
020 ## - INTERNATIONAL STANDARD BOOK NUMBER
Terms of availability 150.00
International Standard Book Number 9789389002164
035 ## - SYSTEM CONTROL NUMBER
System control number U-9188
037 ## - SOURCE OF ACQUISITION
Source of stock number/acquisition DBAD/PUB
Stock number -
082 ## - DEWEY DECIMAL CLASSIFICATION NUMBER
Classification number 440.44
100 ## - MAIN ENTRY--PERSONAL NAME
Personal name بيگ مر ز ا خليل ا حمد
245 ## - TITLE STATEMENT
Title لسا نيا ت ا سلو بيا ت
Statement of responsibility, etc بيگ مر ز ا خليل ا حمد
246 ## - VARYING FORM OF TITLE
Remainder of title Lasaniyaati Uslubiyaat (Urdu)
Title proper/short title Ed.by Mirza Khalil Beg
260 ## - PUBLICATION, DISTRIBUTION, ETC. (IMPRINT)
Place of publication, distribution, etc Delhi
Name of publisher, distributor, etc Educational Publishing House
Date of publication, distribution, etc 2019 ء
270 ## - ADDRESS
Address 3191,Vakil Street, Kucha Pandit,Lal Kuan,
City Delhi
Postal code 110006
Telephone number 01123216162
Fax number -
300 ## - PHYSICAL DESCRIPTION
Extent 152 ص
Dimensions 22 Cm(Hb)
942 ## - ADDED ENTRY ELEMENTS (KOHA)
Source of classification or shelving scheme Dewey Decimal Classification
Item type Urdu Bks
Classification part 440.44
Call number suffix ب ي گ
Holdings
Withdrawn status Lost status Not for loan Collection code Home library Current library Date acquired Source of acquisition Cost, normal purchase price Full call number Barcode Copy number Cost, replacement price Koha item type
    Not For Loan Non-fiction D.B.Act.Division D.B.Act.Division 27/11/2019 DBAD/PUB 150.00 440.44 ب ي گ U-9188 1 150.00 Urdu Bks

© Delhi Public Library
Hit Counter
free hit counter